Online Catalogue and eLibrary

Three language formula : (Record no. 2974)

MARC details
000 -LEADER
fixed length control field 00731nam a2200157Ia 4500
005 - DATE AND TIME OF LATEST TRANSACTION
control field 20240805004551.0
008 - FIXED-LENGTH DATA ELEMENTS--GENERAL INFORMATION
fixed length control field 240331s9999 xx 000 0 und d
020 ## - INTERNATIONAL STANDARD BOOK NUMBER
ISBN 8121203368
082 ## - DDC Classification
Item Number - Author Mark AGG
Class No. 376
100 ## - MAIN ENTRY--PERSONAL NAME
Personal name Aggarwal, S
245 #0 - TITLE STATEMENT
Title Three language formula :
Remainder of title an educational problem
260 ## - PUBLICATION, DISTRIBUTION, ETC.
Place of publication, distribution, etc. New Delhi
Name of publisher, distributor, etc. Gian Publishing House
Date of publication, distribution, etc. 1991
300 ## - PHYSICAL DESCRIPTION
Extent (e.g. Volumes, Pages etc.) viii, 326 p .,
500 ## - GENERAL NOTE
General note Since language is the foundation of all learning, the planning for teaching languages demands not only a scholarly but psychological approach, too. though the three languages formula is an official language policy of the government of India, yet the fact cannot be denied that its impact of the general public should be assessed
942 ## - Koha item type (Biblio)
Koha item type Books in Stacks (Lending)
Holdings
Lost status Damaged status Collection code Home library Current library Shelving location Date acquired Full call number Accession Number Item type
    Lending WERC Library WERC Library Social Science Cupboard 03/31/2024 376 AGG 983 Books in Stacks (Lending)

© WERC Library